[Event "Adelaide Lidums op"]
[Site "Adelaide"]
[Date "2010.07.04"]
[Round "6"]
[White "Staak, Eric"]
[Black "Sykes, Alexander K"]
[Result "0-1"]
[WhiteElo "1545"]
[BlackElo "1900"]
[PlyCount "74"]
[EventDate "2010.07.03"]
[EventType "swiss"]
[EventRounds "7"]
[EventCountry "AUS"]
[SourceTitle "EXT 2018"]
[Source "ChessBase"]
[SourceDate "2017.10.13"]
[SourceVersion "1"]
[SourceVersionDate "2017.10.13"]
[SourceQuality "1"]

1. d4 Nf6 2. c4 g6 3. Nc3 d5 4. e3 Bg7 5. cxd5 Nxd5 6. Nxd5 Qxd5 7. Ne2 c5 8. Nc3 Qd8 9. d5 0-0 10. Be2 e5 11. 0-0 f5 12. e4 Nd7 13. f3 b6 14. Rb1 Nf6 15. b4 cxb4 16. Rxb4 Ne8 17. Ba3 Nd6 18. Rb1 a6 19. Kh1 Rf7 20. Bd3 b5 21. Rc1 Bh6 22. Rc2 Rc7 23. Bc1 Bg7 24. Be3 Nc4 25. Bxc4 Rxc4 26. Ne2 Bd7 27. Rxc4 bxc4 28. Nc3 Rb8 29. h3 f4 30. Bf2 Bf8 31. Qc2 Qa5 32. Kh2 Qa3 33. Qc1 Rb2 34. Bh4 Ba4 35. Nb1 Qxa2 36. Rg1 Bc5 37. Nc3 Bxg1+ 0-1

[Event "Adelaide Lidums op"]
[Site "Adelaide"]
[Date "2010.07.04"]
[Round "7"]
[White "Sykes, Alexander K"]
[Black "Guo, Emma"]
[Result "1/2-1/2"]
[WhiteElo "1900"]
[BlackElo "1843"]
[PlyCount "76"]
[EventDate "2010.07.03"]
[EventType "swiss"]
[EventRounds "7"]
[EventCountry "AUS"]
[SourceTitle "EXT 2018"]
[Source "ChessBase"]
[SourceDate "2017.10.13"]
[SourceVersion "1"]
[SourceVersionDate "2017.10.13"]
[SourceQuality "1"]

1. d4 Nf6 2. c4 c5 3. d5 b5 4. a4 b4 5. b3 g6 6. Bb2 Bg7 7. Nd2 0-0 8. e4 d6 9. Bd3 e5 10. dxe6 fxe6 11. Qc2 d5 12. cxd5 exd5 13. exd5 Bb7 14. Ne2 Bxd5 15. 0-0 Nbd7 16. Bc4 Nb6 17. Bxd5+ Qxd5 18. Ng3 Rac8 19. Rad1 Qc6 20. Nc4 Nxc4 21. Qxc4+ Kh8 22. Rfe1 Rfe8 23. Qf7 Rf8 24. Qe6 c4 25. Qxc6 Rxc6 26. bxc4 Rxc4 27. Re7 a5 28. Rde1 b3 29. Rb7 Nh5 30. Ba3 Rfc8 31. Rxb3 Nxg3 32. hxg3 Rxa4 33. Bb2 Bxb2 34. Rxb2 Rb4 35. Rd2 Rc7 36. Rd5 Ra7 37. Ra1 a4 38. Rd3 Kg7 1/2-1/2

[Event "Adelaide Lidums op"]
[Site "Adelaide"]
[Date "2010.07.03"]
[Round "2"]
[White "Kerr, Bill"]
[Black "Sykes, Alexander K"]
[Result "0-1"]
[WhiteElo "1793"]
[BlackElo "1900"]
[PlyCount "48"]
[EventDate "2010.07.03"]
[EventType "swiss"]
[EventRounds "7"]
[EventCountry "AUS"]
[SourceTitle "EXT 2018"]
[Source "ChessBase"]
[SourceDate "2017.10.13"]
[SourceVersion "1"]
[SourceVersionDate "2017.10.13"]
[SourceQuality "1"]

1. Nf3 Nf6 2. g3 d5 3. Bg2 Bf5 4. d3 Nc6 5. Nh4 Qd7 6. Nxf5 Qxf5 7. Nd2 Qh5 8. c4 e6 9. cxd5 exd5 10. Qb3 0-0-0 11. Nf3 Re8 12. 0-0 Bd6 13. Bg5 Re6 14. Bxf6 Rxf6 15. Rac1 Rh6 16. Rxc6 bxc6 17. h4 Rg6 18. Rc1 Re8 19. Nd4 Bxg3 20. Bh3+ Ree6 21. Nxc6 Bxh4+ 22. Kh2 Bg3+ 23. fxg3 Qxe2+ 24. Kh1 Qf3+ 0-1

[Event "Adelaide Queen's Birthday op"]
[Site "Adelaide"]
[Date "2010.06.12"]
[Round "3"]
[White "Srdic, Goran"]
[Black "Sykes, Alexander K"]
[Result "1-0"]
[WhiteElo "1990"]
[BlackElo "1900"]
[PlyCount "73"]
[EventDate "2010.06.12"]
[EventType "swiss"]
[EventRounds "6"]
[EventCountry "AUS"]
[SourceTitle "EXT 2023"]
[Source "ChessBase"]
[SourceDate "2022.10.05"]
[SourceVersion "1"]
[SourceVersionDate "2022.10.05"]
[SourceQuality "1"]

1. d4 Nf6 2. Nf3 g6 3. c4 Bg7 4. Nc3 d5 5. cxd5 Nxd5 6. e4 Nxc3 7. bxc3 c5 8. h3 0-0 9. Be2 b6 10. 0-0 Bb7 11. e5 cxd4 12. cxd4 Bd5 13. Be3 Nc6 14. Qa4 a6 15. Rac1 b5 16. Qa3 Na5 17. Nd2 f6 18. exf6 Bxf6 19. Rc2 Nc6 20. Nb3 Qd6 21. Qb2 b4 22. Rfc1 a5 23. Bc4 Rfc8 24. Bxd5+ Qxd5 25. Rc5 Qd7 26. Qc2 a4 27. Qc4+ Kg7 28. Nd2 Na7 29. Qxb4 Rxc5 30. Rxc5 Nc8 31. Ne4 Nd6 32. Nxf6 Kxf6 33. Bg5+ Kf7 34. Re5 Nf5 35. g4 Qxd4 36. Rxf5+ gxf5 37. Qxd4 1-0

[Event "Adelaide Labour Day op"]
[Site "Adelaide"]
[Date "2009.10.03"]
[Round "2"]
[White "Ferro Jove, Miguel Angel"]
[Black "Sykes, Alexander K"]
[Result "1-0"]
[WhiteElo "1954"]
[BlackElo "1844"]
[PlyCount "74"]
[EventDate "2009.10.03"]
[EventType "swiss"]
[EventRounds "6"]
[EventCountry "AUS"]
[SourceTitle "EXT 2023"]
[Source "ChessBase"]
[SourceDate "2022.10.05"]
[SourceVersion "1"]
[SourceVersionDate "2022.10.05"]
[SourceQuality "1"]

1. e4 Nf6 2. e5 Nd5 3. d4 d6 4. c4 Nb6 5. f4 dxe5 6. fxe5 c5 7. d5 g6 8. Nc3 Bg7 9. Nf3 Bg4 10. Bf4 0-0 11. h3 Bxf3 12. Qxf3 e6 13. 0-0-0 exd5 14. cxd5 Re8 15. Bb5 N8d7 16. e6 fxe6 17. dxe6 Rxe6 18. Bxd7 Nxd7 19. Qd5 Qf6 20. Rhf1 Nb6 21. Qxb7 Rae8 22. Qf3 Nc4 23. Rd3 Kh8 24. Kc2 Rb6 25. Bc1 Qe5 26. b3 Rf6 27. Qd1 Rxf1 28. Qxf1 Nb6 29. Re3 Qb8 30. Rxe8+ Qxe8 31. Qd3 Qc8 32. Bg5 Bd4 33. Nb5 Nd5 34. a3 Qe8 35. Nxd4 Qe5 36. Nf3 Qg3 37. Qxd5 Qxg2+ 1-0

[Event "Adelaide Labour Day op"]
[Site "Adelaide"]
[Date "2009.10.03"]
[Round "1"]
[White "Sykes, Alexander K"]
[Black "Sag, Andrew"]
[Result "1-0"]
[WhiteElo "1844"]
[BlackElo "1345"]
[PlyCount "37"]
[EventDate "2009.10.03"]
[EventType "swiss"]
[EventRounds "6"]
[EventCountry "AUS"]
[SourceTitle "EXT 2023"]
[Source "ChessBase"]
[SourceDate "2022.10.05"]
[SourceVersion "1"]
[SourceVersionDate "2022.10.05"]
[SourceQuality "1"]

1. e4 c5 2. Nc3 Nc6 3. f4 d6 4. Bc4 e6 5. Nf3 Nge7 6. 0-0 g6 7. d4 cxd4 8. Nxd4 Bg7 9. Ndb5 Qb6+ 10. Kh1 Bd4 11. Nxd6+ Kf8 12. f5 Na5 13. Bh6+ Kg8 14. fxe6 Bxe6 15. Bxe6 fxe6 16. Qf3 Nf5 17. exf5 Qxd6 18. fxe6 Qd8 19. Qf7# 1-0

[Event "Pennant-chT"]
[Site "Adelaide"]
[Date "2009.09.15"]
[Round "1.1"]
[White "Cloudsdale, Colin"]
[Black "Sykes, Alexander K"]
[Result "0-1"]
[WhiteElo "1958"]
[BlackElo "1844"]
[PlyCount "80"]
[EventDate "2009.09.15"]
[EventType "team-tourn"]
[EventRounds "7"]
[EventCountry "AUS"]
[SourceTitle "EXT 2023"]
[Source "ChessBase"]
[SourceDate "2022.10.05"]
[SourceVersion "1"]
[SourceVersionDate "2022.10.05"]
[SourceQuality "1"]

1. e4 c5 2. Nf3 e6 3. d4 cxd4 4. Nxd4 a6 5. c4 Nf6 6. Bd3 Nc6 7. Nxc6 bxc6 8. 0-0 e5 9. Re1 Bc5 10. Be3 Qb6 11. Qd2 Rb8 12. b3 d6 13. Nc3 Be6 14. Rad1 Bd4 15. Bf1 c5 16. Bxd4 cxd4 17. Nd5 Bxd5 18. cxd5 Rc8 19. Bc4 a5 20. Qg5 Ke7 21. f4 h6 22. Qh4 g5 23. fxg5 hxg5 24. Qg3 Rcg8 25. Qf3 g4 26. Qd3 g3 27. h3 Nh5 28. Rf1 Nf4 29. Rxf4 exf4 30. Qxd4 Qxd4+ 31. Rxd4 f3 32. gxf3 Rxh3 33. Bf1 Rh2 34. Bg2 Rc8 35. Rc4 Rxc4 36. bxc4 f5 37. e5 f4 38. a4 Rh8 39. c5 dxc5 40. Bf1 Rh5 0-1

[Event "Adelaide Queen's Birthday op"]
[Site "Adelaide"]
[Date "2009.06.07"]
[Round "6"]
[White "Lutley, Philip"]
[Black "Sykes, Alexander K"]
[Result "0-1"]
[WhiteElo "1678"]
[BlackElo "1883"]
[PlyCount "80"]
[EventDate "2009.06.06"]
[EventType "swiss"]
[EventRounds "6"]
[EventCountry "AUS"]
[SourceTitle "EXT 2023"]
[Source "ChessBase"]
[SourceDate "2022.10.05"]
[SourceVersion "1"]
[SourceVersionDate "2022.10.05"]
[SourceQuality "1"]

1. e4 Nf6 2. e5 Nd5 3. d4 d6 4. c4 Nb6 5. f4 dxe5 6. fxe5 c5 7. d5 g6 8. Nc3 Bg7 9. Nf3 Bg4 10. Bf4 e6 11. Ne4 0-0 12. d6 N6d7 13. Bg5 Qa5+ 14. Qd2 Qxd2+ 15. Kxd2 Bxf3 16. gxf3 Bxe5 17. f4 Bd4 18. Bg2 Nc6 19. Nc3 f6 20. Bh4 a6 21. Rhe1 Kf7 22. Ne2 Rab8 23. Bxc6 bxc6 24. Nxd4 cxd4 25. b3 c5 26. Re2 Rb6 27. Bg3 Rxd6 28. Rae1 Rb6 29. Kd3 a5 30. f5 gxf5 31. Bc7 Ra6 32. a4 e5 33. Rf1 Rc8 34. Bxa5 Rxa5 35. Rxf5 Rg8 36. Rh5 Rg7 37. Ke4 Ra6 38. Rh6 Ke6 39. Rf2 Rb6 40. Rf3 Rg4+ 0-1

[Event "Adelaide Queen's Birthday op"]
[Site "Adelaide"]
[Date "2009.06.06"]
[Round "1"]
[White "Bortsova, Natasha"]
[Black "Sykes, Alexander K"]
[Result "0-1"]
[WhiteElo "1436"]
[BlackElo "1883"]
[PlyCount "64"]
[EventDate "2009.06.06"]
[EventType "swiss"]
[EventRounds "6"]
[EventCountry "AUS"]
[SourceTitle "EXT 2023"]
[Source "ChessBase"]
[SourceDate "2022.10.05"]
[SourceVersion "1"]
[SourceVersionDate "2022.10.05"]
[SourceQuality "1"]

1. d4 Nf6 2. c4 g6 3. Nc3 d5 4. f3 c5 5. cxd5 Nxd5 6. e4 Nxc3 7. bxc3 Bg7 8. Be3 Nc6 9. Bb5 cxd4 10. Bxc6+ bxc6 11. cxd4 c5 12. Ne2 cxd4 13. Bxd4 Qa5+ 14. Kf2 0-0 15. Bxg7 Kxg7 16. Qd4+ e5 17. Qc3 Qb6+ 18. Kg3 Ba6 19. Rab1 Qf6 20. Qe3 Rfc8 21. Nc3 Qf4+ 22. Qxf4 exf4+ 23. Kxf4 Rxc3 24. Rhd1 Rc2 25. Rd6 Rxa2 26. e5 Re8 27. Rd7 Bc4 28. Rbb7 a5 29. Ke4 Rxg2 30. f4 Rxh2 31. f5 gxf5+ 32. Kxf5 Be6+ 0-1

[Event "Adelaide Interclub-A"]
[Site "Adelaide"]
[Date "2009.05.05"]
[Round "1.1"]
[White "Sykes, Alexander K"]
[Black "Cloudsdale, Colin"]
[Result "1-0"]
[WhiteElo "1883"]
[BlackElo "1928"]
[PlyCount "45"]
[EventDate "2009.05.05"]
[EventType "team-tourn"]
[EventRounds "9"]
[EventCountry "AUS"]
[SourceTitle "EXT 2023"]
[Source "ChessBase"]
[SourceDate "2022.10.05"]
[SourceVersion "1"]
[SourceVersionDate "2022.10.05"]
[SourceQuality "1"]

1. d4 Nf6 2. c4 e6 3. Nc3 Bb4 4. e3 b6 5. Nge2 Bb7 6. a3 Be7 7. d5 a5 8. e4 Bc5 9. Nd4 Ng4 10. Qxg4 Bxd4 11. Nb5 Bf6 12. d6 Na6 13. dxc7 Qe7 14. Bf4 e5 15. Be3 Nc5 16. Rd1 0-0 17. Nd6 Ba6 18. Be2 Qe6 19. 0-0 Be7 20. Bxc5 bxc5 21. Nf5 Bf6 22. Rd6 Qe8 23. Rxf6 1-0

[Event "South Australia-ch"]
[Site "Adelaide"]
[Date "2009.04.07"]
[Round "9"]
[White "Sykes, Alexander K"]
[Black "Zulfic, Fedja"]
[Result "1/2-1/2"]
[WhiteElo "2131"]
[BlackElo "1956"]
[PlyCount "37"]
[EventDate "2009.02.10"]
[EventType "tourn"]
[EventRounds "9"]
[EventCountry "AUS"]
[SourceTitle "EXT 2023"]
[Source "ChessBase"]
[SourceDate "2022.10.05"]
[SourceVersion "1"]
[SourceVersionDate "2022.10.05"]
[SourceQuality "1"]

1. d4 Nf6 2. c4 g6 3. Nc3 d5 4. cxd5 Nxd5 5. e4 Nxc3 6. bxc3 Bg7 7. Qb3 c5 8. d5 0-0 9. Bg5 Qa5 10. Rc1 e6 11. Bc4 exd5 12. Bxd5 Nc6 13. Ne2 Ne5 14. 0-0 c4 15. Qc2 Nd3 16. Rcd1 Be6 17. Nf4 Nxf4 18. Bxf4 Bxd5 19. Rxd5 1/2-1/2

[Event "Adelaide Interclub-A"]
[Site "Adelaide"]
[Date "2008.06.24"]
[Round "9.1"]
[White "Zulfic, Fedja"]
[Black "Sykes, Alexander K"]
[Result "1-0"]
[WhiteElo "1862"]
[BlackElo "1920"]
[PlyCount "51"]
[EventDate "2008.04.29"]
[EventType "team-tourn"]
[EventRounds "9"]
[EventCountry "AUS"]
[SourceTitle "EXT 2010"]
[Source "ChessBase"]
[SourceDate "2010.11.25"]
[SourceVersion "1"]
[SourceVersionDate "2010.11.25"]
[SourceQuality "1"]

1. c4 Nf6 2. Nc3 d5 3. d4 g6 4. Nf3 Bg7 5. Bf4 0-0 6. e3 c5 7. Rc1 cxd4 8. exd4 Nc6 9. Be2 Bg4 10. c5 Ne4 11. Be3 e6 12. 0-0 f5 13. Nxe4 fxe4 14. Ng5 Bxe2 15. Qxe2 Qe7 16. Qd2 e5 17. dxe5 Qxe5 18. g3 d4 19. Bf4 Qf5 20. Qc2 Rae8 21. Qb3+ Kh8 22. Qxb7 Ne5 23. Qxe4 Qxe4 24. Nxe4 Nd3 25. Nd6 Nxc1 26. Rxc1 1-0

[Event "Adelaide Interclub-A"]
[Site "Adelaide"]
[Date "2008.04.29"]
[Round "1.1"]
[White "Sykes, Alexander K"]
[Black "Cloudsdale, Colin"]
[Result "0-1"]
[WhiteElo "1920"]
[BlackElo "1962"]
[PlyCount "50"]
[EventDate "2008.04.29"]
[EventType "team-tourn"]
[EventRounds "9"]
[EventCountry "AUS"]
[SourceTitle "EXT 2010"]
[Source "ChessBase"]
[SourceDate "2010.11.25"]
[SourceVersion "1"]
[SourceVersionDate "2010.11.25"]
[SourceQuality "1"]

1. d4 Nf6 2. c4 e6 3. Nc3 Bb4 4. e3 0-0 5. Nge2 c5 6. a3 Bxc3+ 7. Nxc3 b6 8. Be2 Bb7 9. 0-0 d5 10. cxd5 exd5 11. dxc5 bxc5 12. b4 Na6 13. Rb1 Qe7 14. b5 Nc7 15. a4 Rfd8 16. Bf3 Ne4 17. Qc2 f5 18. Ba3 Ne6 19. a5 Rac8 20. b6 a6 21. Rfc1 Qf6 22. Na4 d4 23. Qb2 c4 24. exd4 Nxd4 25. Bd1 c3 0-1